[Event "MCR mladeze v rapidu 2019"]
[Site "Trest"]
[Date "2019.09.07"]
[Round "3"]
[White "Zelbova, Lada"]
[Black "Sehnoutkova, Laura"]
[Result "1-0"]
[BlackElo "1462"]
[WhiteElo "1521"]
[LiveChessVersion "1.4.8"]

1. d4 {[%clk 0:20:08]} d5 {[%clk 0:20:07]} 2. Bf4 {[%clk 0:20:11]} Nc6
{[%clk 0:20:09]} 3. e3 {[%clk 0:20:08]} Nf6 {[%clk 0:19:59]} 4. Nd2
{[%clk 0:19:32]} e6 {[%clk 0:19:18]} 5. Ngf3 {[%clk 0:19:25]} Bd7
{[%clk 0:19:16]} 6. Bd3 {[%clk 0:18:32]} Be7 {[%clk 0:19:05]} 7. Ne5
{[%clk 0:18:32]} Bd6 {[%clk 0:16:53]} 8. c3 {[%clk 0:16:59]} O-O {[%clk 0:15:43]}
9. O-O {[%clk 0:16:48]} Re8 {[%clk 0:14:30]} 10. c4 {[%clk 0:15:22]} Nb4
{[%clk 0:12:35]} 11. Be2 {[%clk 0:14:41]} dxc4 {[%clk 0:10:56]} 12. Ndxc4
{[%clk 0:14:14]} Nbd5 {[%clk 0:10:09]} 13. Bg5 {[%clk 0:12:31]} Be7
{[%clk 0:09:48]} 14. Qc2 {[%clk 0:11:20]} Nb6 {[%clk 0:08:41]} 15. Rac1
{[%clk 0:09:27]} Rc8 {[%clk 0:08:21]} 16. Na5 {[%clk 0:08:42]} Rb8
{[%clk 0:07:37]} 17. Bxf6 {[%clk 0:07:13]} Bxf6 {[%clk 0:07:26]} 18. Qxc7
{[%clk 0:06:53]} Bxe5 {[%clk 0:06:46]} 19. Qxe5 {[%clk 0:06:26]} Nd5
{[%clk 0:05:47]} 20. Nc4 {[%clk 0:05:37]} Rc8 {[%clk 0:05:06]} 21. Nd6
{[%clk 0:04:59]} Rxc1 {[%clk 0:04:56]} 22. Rxc1 {[%clk 0:04:59]} Rf8
{[%clk 0:04:34]} 23. Nxb7 {[%clk 0:04:36]} Qb6 {[%clk 0:04:23]} 24. Nc5
{[%clk 0:03:33]} Bb5 {[%clk 0:04:19]} 25. Bxb5 {[%clk 0:03:22]} Qxb5
{[%clk 0:04:20]} 26. b3 {[%clk 0:02:53]} Qe2 {[%clk 0:03:58]} 27. a4
{[%clk 0:02:21]} Qb2 {[%clk 0:02:48]} 28. Rf1 {[%clk 0:02:07]} Rc8
{[%clk 0:02:24]} 29. Qe4 {[%clk 0:01:36]} Nf6 30. Qb7 {[%clk 0:01:24]} Rf8
{[%clk 0:01:31]} 31. Qxa7 {[%clk 0:01:25]} Nd5 {[%clk 0:01:28]} 32. Qa6
{[%clk 0:01:15]} Qa3 {[%clk 0:01:21]} 33. Qc4 {[%clk 0:00:59]} Qb4
{[%clk 0:01:21]} 34. Qxb4 {[%clk 0:01:00]} Nxb4 {[%clk 0:01:24]} 35. Rc1
{[%clk 0:01:03]} Rc8 {[%clk 0:01:25]} 36. Rc4 {[%clk 0:00:54]} Na2
{[%clk 0:01:23]} 37. b4 {[%clk 0:00:53]} Rb8 {[%clk 0:01:23]} 38. b5
{[%clk 0:00:54]} Ra8 {[%clk 0:01:24]} 39. Kf1 {[%clk 0:00:57]} Kf8
{[%clk 0:01:27]} 40. Ke2 {[%clk 0:01:00]} Ke7 {[%clk 0:01:31]} 41. Kd2
{[%clk 0:01:01]} Kd6 {[%clk 0:01:28]} 42. Kc2 {[%clk 0:01:00]} Rc8
{[%clk 0:01:24]} 43. Kb3 {[%clk 0:00:59]} e5 {[%clk 0:01:25]} 44. Kxa2
{[%clk 0:01:00]} exd4 {[%clk 0:01:25]} 45. exd4 {[%clk 0:01:03]} Kd5
{[%clk 0:01:26]} 46. Rc1 {[%clk 0:01:02]} Kxd4 {[%clk 0:01:27]} 47. Ne6+
{[%clk 0:01:03]} fxe6 {[%clk 0:01:28]} 48. Rxc8 {[%clk 0:01:06]} e5
{[%clk 0:01:29]} 49. b6 {[%clk 0:01:08]} e4 {[%clk 0:01:32]} 50. b7
{[%clk 0:01:10]} e3 {[%clk 0:01:36]} 51. fxe3+ {[%clk 0:01:11]} Kxe3
{[%clk 0:01:39]} 52. Rd8 {[%clk 0:01:15]} g5 {[%clk 0:01:41]} 53. b8=Q
{[%clk 0:01:14]} h5 {[%clk 0:01:43]} 54. Qe5+ {[%clk 0:01:17]} Kf2
{[%clk 0:01:45]} 55. Rf8+ {[%clk 0:01:19]} Kg1 {[%clk 0:01:47]} 56. Qe1+
{[%clk 0:01:18]} Kxh2 {[%clk 0:01:50]} 57. Rf1 {[%clk 0:01:14]} h4
{[%clk 0:01:51]} 58. Rh1+ {[%clk 0:01:18]} Kxg2 {[%clk 0:01:46]} 59. Qf1+
{[%clk 0:01:19]} Kg3 {[%clk 0:01:49]} 60. Rg1+ {[%clk 0:01:21]} Kh2
{[%clk 0:01:51]} 61. Qg2# 1-0

[Event "MCR mladeze v rapidu 2019"]
[Site "Trest"]
[Date "2019.09.07"]
[Round "3"]
[White "Sikorova, Jana"]
[Black "Veverkova, Dorota"]
[Result "0-1"]
[BlackElo "1366"]
[WhiteElo "1309"]
[LiveChessVersion "1.4.8"]

1. d4 {[%clk 0:20:07]} Nf6 {[%clk 0:20:06]} 2. Bf4 {[%clk 0:20:09]} g6
{[%clk 0:20:01]} 3. e3 {[%clk 0:20:08]} Bg7 {[%clk 0:20:02]} 4. Bd3
{[%clk 0:19:54]} O-O {[%clk 0:19:54]} 5. c4 {[%clk 0:19:43]} d6 {[%clk 0:19:09]}
6. Nc3 {[%clk 0:19:30]} Nc6 {[%clk 0:18:13]} 7. Rc1 {[%clk 0:18:51]} e5
{[%clk 0:17:01]} 8. dxe5 {[%clk 0:17:41]} dxe5 {[%clk 0:16:06]} 9. Bg3
{[%clk 0:17:23]} Be6 {[%clk 0:15:12]} 10. Nf3 {[%clk 0:16:36]} Qd6
{[%clk 0:14:20]} 11. O-O {[%clk 0:16:12]} Rad8 {[%clk 0:13:57]} 12. Bb1
{[%clk 0:15:17]} Qxd1 {[%clk 0:13:05]} 13. Rfxd1 {[%clk 0:15:12]} e4
{[%clk 0:11:14]} 14. Nxe4 {[%clk 0:14:03]} Nxe4 {[%clk 0:10:50]} 15. Bxe4
{[%clk 0:13:41]} Bxb2 {[%clk 0:10:03]} 16. Bxc7 {[%clk 0:13:25]} Rxd1+
{[%clk 0:09:33]} 17. Rxd1 {[%clk 0:12:59]} Bxc4 {[%clk 0:09:14]} 18. Bxc6
{[%clk 0:12:33]} bxc6 {[%clk 0:09:13]} 19. Rd2 {[%clk 0:12:07]} Bg7
{[%clk 0:08:41]} 20. Rc2 {[%clk 0:11:47]} Bd5 {[%clk 0:08:35]} 21. h3
{[%clk 0:11:06]} Rc8 {[%clk 0:08:28]} 22. Be5 {[%clk 0:10:50]} Bxe5
{[%clk 0:07:36]} 23. Nxe5 {[%clk 0:10:49]} c5 {[%clk 0:07:34]} 24. Nd3
{[%clk 0:08:05]} c4 {[%clk 0:07:20]} 25. Nf4 {[%clk 0:07:48]} Be4
{[%clk 0:06:48]} 26. Rc3 {[%clk 0:07:21]} a5 {[%clk 0:05:32]} 27. a3
{[%clk 0:06:49]} Kf8 {[%clk 0:05:13]} 28. f3 {[%clk 0:06:16]} Bf5
{[%clk 0:04:44]} 29. Kf2 {[%clk 0:05:59]} Ke7 {[%clk 0:03:57]} 30. Nd5+
{[%clk 0:05:44]} Kd6 {[%clk 0:03:20]} 31. Nb6 {[%clk 0:05:29]} Rc5
{[%clk 0:02:42]} 32. Nxc4+ {[%clk 0:04:06]} Ke7 {[%clk 0:02:13]} 33. Ke2
{[%clk 0:04:00]} Be6 {[%clk 0:01:56]} 34. Kd3 {[%clk 0:03:58]} Bxc4+
{[%clk 0:01:53]} 35. Rxc4 {[%clk 0:03:59]} Rd5+ {[%clk 0:01:32]} 36. Rd4
{[%clk 0:04:01]} Rc5 {[%clk 0:01:32]} 37. Re4+ {[%clk 0:03:40]} Kf6
{[%clk 0:01:26]} 38. Kd2 {[%clk 0:03:36]} Rb5 {[%clk 0:01:21]} 39. Rc4
{[%clk 0:02:48]} Rb3 {[%clk 0:01:08]} 40. Rc3 {[%clk 0:02:46]} Rb2+
{[%clk 0:01:05]} 41. Rc2 {[%clk 0:02:48]} Rb3 {[%clk 0:00:45]} 42. Rc6+
{[%clk 0:02:17]} Ke7 {[%clk 0:00:39]} 43. Rc7+ {[%clk 0:02:01]} Ke6
{[%clk 0:00:42]} 44. Rc6+ {[%clk 0:02:00]} Ke7 {[%clk 0:00:46]} 45. Rc3
{[%clk 0:01:52]} Rb2+ {[%clk 0:00:49]} 46. Rc2 {[%clk 0:01:56]} Rb3
{[%clk 0:00:52]} 47. Ra2 {[%clk 0:01:59]} Kd6 {[%clk 0:00:53]} 48. e4
{[%clk 0:01:57]} a4 {[%clk 0:00:43]} 49. Ke2 {[%clk 0:01:24]} Ke5
{[%clk 0:00:42]} 50. Kf2 {[%clk 0:01:22]} Kf4 {[%clk 0:00:31]} 51. g3+
{[%clk 0:01:14]} Ke5 {[%clk 0:00:33]} 52. Kg2 {[%clk 0:01:06]} g5
{[%clk 0:00:16]} 53. Kh2 {[%clk 0:00:42]} Rxf3 {[%clk 0:00:14]} 54. Rb2
{[%clk 0:00:23]} Rxa3 {[%clk 0:00:13]} 55. Rb7 {[%clk 0:00:15]} Ke6
{[%clk 0:00:14]} 56. Rb5 {[%clk 0:00:12]} f6 0-1

[Event "MCR mladeze v rapidu 2019"]
[Site "Trest"]
[Date "2019.09.07"]
[Round "3"]
[White "Barteckova, Denisa"]
[Black "Janouskova, Adela"]
[Result "1-0"]
[BlackElo "1403"]
[WhiteElo "1373"]
[LiveChessVersion "1.4.8"]

1. e4 {[%clk 0:20:08]} c5 {[%clk 0:20:09]} 2. Nf3 {[%clk 0:20:12]} Nc6
{[%clk 0:20:12]} 3. d4 {[%clk 0:20:15]} cxd4 {[%clk 0:20:10]} 4. Nxd4
{[%clk 0:20:19]} Nf6 {[%clk 0:20:05]} 5. Nc3 {[%clk 0:20:20]} e5 {[%clk 0:19:16]}
6. Ndb5 {[%clk 0:19:30]} d6 {[%clk 0:19:17]} 7. Bg5 {[%clk 0:19:24]} a6
{[%clk 0:19:16]} 8. Na3 {[%clk 0:19:14]} b5 {[%clk 0:19:19]} 9. Nd5
{[%clk 0:18:52]} Be7 {[%clk 0:19:22]} 10. Nxe7 {[%clk 0:18:39]} Qxe7
{[%clk 0:19:19]} 11. c3 {[%clk 0:18:39]} O-O {[%clk 0:19:17]} 12. g3
{[%clk 0:17:29]} h6 {[%clk 0:18:59]} 13. Bxf6 {[%clk 0:17:31]} Qxf6
{[%clk 0:19:02]} 14. Bg2 {[%clk 0:17:32]} Bb7 {[%clk 0:18:23]} 15. O-O
{[%clk 0:17:11]} Rfd8 {[%clk 0:18:05]} 16. Qe2 {[%clk 0:16:47]} Rac8
{[%clk 0:17:54]} 17. Bh3 {[%clk 0:16:31]} Rc7 {[%clk 0:17:13]} 18. Rad1
{[%clk 0:16:13]} Bc8 {[%clk 0:16:08]} 19. Bxc8 {[%clk 0:15:17]} Rcxc8
{[%clk 0:16:10]} 20. Rd2 {[%clk 0:14:59]} Qe6 {[%clk 0:15:56]} 21. b3
{[%clk 0:14:25]} Rd7 {[%clk 0:14:40]} 22. Rfd1 {[%clk 0:13:59]} Rcd8
{[%clk 0:13:37]} 23. Qe3 {[%clk 0:13:07]} Qe7 {[%clk 0:12:22]} 24. Qb6
{[%clk 0:12:43]} Nb8 {[%clk 0:11:58]} 25. Nc2 {[%clk 0:12:22]} Rb7
{[%clk 0:11:49]} 26. Qe3 {[%clk 0:12:12]} Rc7 {[%clk 0:11:26]} 27. Nb4
{[%clk 0:11:55]} Qe6 {[%clk 0:10:37]} 28. Qb6 {[%clk 0:10:53]} Rcc8
{[%clk 0:09:00]} 29. Rxd6 {[%clk 0:09:37]} Rxd6 {[%clk 0:08:00]} 30. Rxd6
{[%clk 0:09:39]} Qe7 {[%clk 0:07:47]} 31. Nd5 {[%clk 0:08:48]} Qf8
{[%clk 0:06:04]} 32. Qb7 {[%clk 0:07:45]} Rxc3 {[%clk 0:03:27]} 33. Nxc3
{[%clk 0:06:40]} Qxd6 {[%clk 0:03:29]} 34. Nd5 {[%clk 0:06:00]} Nd7
{[%clk 0:03:17]} 35. Qc8+ {[%clk 0:05:25]} Kh7 {[%clk 0:03:20]} 36. Qe8
{[%clk 0:04:45]} Nf6 {[%clk 0:00:56]} 37. Qxf7 {[%clk 0:04:28]} Nxd5
{[%clk 0:00:26]} 38. Qxd5 {[%clk 0:03:46]} Qxd5 {[%clk 0:00:18]} 39. exd5
{[%clk 0:03:49]} Kg8 {[%clk 0:00:22]} 40. Kg2 {[%clk 0:03:43]} Kf8
{[%clk 0:00:26]} 41. Kf3 {[%clk 0:03:48]} Ke7 {[%clk 0:00:28]} 42. Ke4
{[%clk 0:03:48]} Kd6 {[%clk 0:00:29]} 43. f4 {[%clk 0:03:40]} exf4
{[%clk 0:00:32]} 44. gxf4 {[%clk 0:03:44]} g6 {[%clk 0:00:28]} 45. h4
{[%clk 0:03:17]} h5 {[%clk 0:00:08]} 46. Kd4 {[%clk 0:03:05]} b4 {[%clk 0:00:12]}
47. Kc4 {[%clk 0:03:00]} a5 {[%clk 0:00:17]} 48. Kd4 {[%clk 0:02:57]} Kd7
{[%clk 0:00:09]} 49. Ke5 {[%clk 0:03:00]} Ke7 {[%clk 0:00:13]} 50. d6+
{[%clk 0:02:57]} Kd7 {[%clk 0:00:15]} 51. Kd5 {[%clk 0:02:52]} Kd8
{[%clk 0:00:14]} 52. Ke6 {[%clk 0:02:50]} Ke8 {[%clk 0:00:17]} 53. Kf6
{[%clk 0:02:50]} Kd7 {[%clk 0:00:21]} 54. Kxg6 {[%clk 0:02:54]} Kxd6
{[%clk 0:00:25]} 55. Kxh5 {[%clk 0:02:57]} Ke6 {[%clk 0:00:29]} 56. Kg6
{[%clk 0:03:00]} Ke7 {[%clk 0:00:32]} 57. f5 {[%clk 0:03:04]} Kf8
{[%clk 0:00:35]} 58. f6 {[%clk 0:03:04]} Kg8 {[%clk 0:00:37]} 59. f7+
{[%clk 0:02:56]} Kf8 {[%clk 0:00:41]} 60. h5 {[%clk 0:02:59]} Ke7
{[%clk 0:00:42]} 61. Kg7 {[%clk 0:03:03]} 1-0

[Event "MCR mladeze v rapidu 2019"]
[Site "Trest"]
[Date "2019.09.07"]
[Round "3"]
[White "Zelba, Lukas"]
[Black "Karafiat, Vojtech"]
[Result "1-0"]
[BlackElo "1561"]
[WhiteElo "1656"]
[LiveChessVersion "1.4.8"]

1. d4 {[%clk 0:20:08]} d5 {[%clk 0:20:08]} 2. Bf4 {[%clk 0:20:11]} Nf6 3. e3 Nc6
{[%clk 0:19:58]} 4. Nd2 {[%clk 0:20:08]} Bf5 {[%clk 0:19:52]} 5. Ngf3
{[%clk 0:20:04]} e6 {[%clk 0:19:44]} 6. Bb5 {[%clk 0:20:05]} a6 {[%clk 0:19:41]}
7. Bxc6+ {[%clk 0:19:42]} bxc6 {[%clk 0:19:41]} 8. c4 {[%clk 0:19:35]} Ne4
{[%clk 0:19:28]} 9. Qa4 {[%clk 0:19:18]} dxc4 {[%clk 0:18:37]} 10. Qxc6+
{[%clk 0:19:18]} Ke7 {[%clk 0:17:25]} 11. Nxe4 {[%clk 0:19:16]} Bxe4
{[%clk 0:16:36]} 12. Qxe4 {[%clk 0:19:19]} Rb8 {[%clk 0:16:22]} 13. Ne5
{[%clk 0:19:15]} Ke8 {[%clk 0:12:04]} 14. O-O {[%clk 0:19:12]} Rb6
{[%clk 0:11:10]} 15. Nxc4 {[%clk 0:19:10]} Rb4 {[%clk 0:10:54]} 16. Qc6+
{[%clk 0:19:02]} Qd7 {[%clk 0:10:29]} 17. Qxd7+ {[%clk 0:19:05]} Kxd7
{[%clk 0:10:31]} 18. Ne5+ {[%clk 0:19:09]} Ke8 {[%clk 0:10:25]} 19. Nd3
{[%clk 0:19:10]} Rb5 {[%clk 0:10:23]} 20. Rfc1 {[%clk 0:19:04]} Kd8
{[%clk 0:08:39]} 21. Bxc7+ {[%clk 0:19:02]} Ke7 {[%clk 0:08:26]} 22. a4
{[%clk 0:18:59]} Rb7 {[%clk 0:08:22]} 23. b4 {[%clk 0:19:01]} Kd7
{[%clk 0:08:09]} 24. Ba5 {[%clk 0:18:57]} f6 {[%clk 0:07:14]} 25. h3
{[%clk 0:18:53]} h5 {[%clk 0:07:12]} 26. Nc5+ {[%clk 0:18:57]} Bxc5
{[%clk 0:07:13]} 27. dxc5 {[%clk 0:18:53]} Ra7 {[%clk 0:06:43]} 28. Bb6
{[%clk 0:18:56]} Raa8 {[%clk 0:06:41]} 29. b5 {[%clk 0:18:54]} axb5
{[%clk 0:06:32]} 30. axb5 {[%clk 0:18:57]} g5 {[%clk 0:06:16]} 31. c6+
{[%clk 0:18:55]} Kd6 {[%clk 0:05:54]} 32. Rd1+ {[%clk 0:18:55]} Ke7
{[%clk 0:05:55]} 33. Rd7+ {[%clk 0:18:58]} 1-0

[Event "MCR mladeze v rapidu 2019"]
[Site "Trest"]
[Date "2019.09.07"]
[Round "3"]
[White "Roubal, Matyas"]
[Black "Juhanak, Daniel"]
[Result "1/2-1/2"]
[BlackElo "1635"]
[WhiteElo "1561"]
[LiveChessVersion "1.4.8"]

1. e4 {[%clk 0:20:08]} e6 {[%clk 0:20:07]} 2. d4 {[%clk 0:20:11]} d5
{[%clk 0:20:08]} 3. Bd3 {[%clk 0:20:00]} c5 {[%clk 0:19:22]} 4. c3
{[%clk 0:19:44]} Nc6 {[%clk 0:18:46]} 5. Nf3 Nf6 {[%clk 0:17:47]} 6. e5
{[%clk 0:19:28]} Nd7 {[%clk 0:17:45]} 7. Be3 {[%clk 0:19:02]} Qb6
{[%clk 0:17:22]} 8. b3 {[%clk 0:18:00]} cxd4 {[%clk 0:15:59]} 9. cxd4
{[%clk 0:17:59]} Bb4+ {[%clk 0:13:39]} 10. Nbd2 {[%clk 0:17:37]} O-O
{[%clk 0:12:21]} 11. Qc2 {[%clk 0:17:10]} h6 {[%clk 0:11:45]} 12. O-O
{[%clk 0:17:10]} Be7 {[%clk 0:11:32]} 13. Rac1 {[%clk 0:16:55]} Nb4
{[%clk 0:10:49]} 14. Qb1 {[%clk 0:16:33]} Nxd3 {[%clk 0:10:49]} 15. Qxd3
{[%clk 0:16:37]} Nb8 {[%clk 0:10:29]} 16. Rc3 {[%clk 0:15:49]} Nc6
{[%clk 0:10:05]} 17. Ra1 {[%clk 0:14:41]} Ba3 {[%clk 0:09:10]} 18. Qe2
{[%clk 0:13:45]} Bd7 {[%clk 0:07:20]} 19. h3 {[%clk 0:13:28]} Rac8
{[%clk 0:06:40]} 20. Rb1 {[%clk 0:13:11]} Bb4 {[%clk 0:06:33]} 21. Rc2
{[%clk 0:13:09]} Qa5 {[%clk 0:06:12]} 22. a4 {[%clk 0:12:51]} a6 {[%clk 0:05:30]}
23. Qd3 {[%clk 0:12:35]} Rc7 {[%clk 0:04:19]} 24. Rbc1 {[%clk 0:12:13]} Ba3
{[%clk 0:03:22]} 25. Ra1 {[%clk 0:12:15]} Nb4 {[%clk 0:03:11]} 26. Rxc7
{[%clk 0:11:42]} Nxd3 {[%clk 0:03:07]} 27. Rxd7 {[%clk 0:11:44]} Bb2
{[%clk 0:02:39]} 28. Rb1 {[%clk 0:11:41]} Bc3 {[%clk 0:02:32]} 29. Rxb7
{[%clk 0:11:24]} Nb4 {[%clk 0:01:53]} 30. Rc1 {[%clk 0:11:12]} Nd3
{[%clk 0:00:17]} 31. Rc2 {[%clk 0:10:52]} Bb4 1/2-1/2

[Event "MCR mladeze v rapidu 2019"]
[Site "Trest"]
[Date "2019.09.07"]
[Round "3"]
[White "Gorej, Vojtech"]
[Black "Jasso, Matej"]
[Result "0-1"]
[BlackElo "1553"]
[WhiteElo "1567"]
[LiveChessVersion "1.4.8"]

1. e4 c5 2. Nf3 d6 3. d4 cxd4 4. Nxd4 Nf6 5. Nc3 a6 6. Bd3 e6 7. O-O Be7 8. Kh1
Bd7 9. Be3 Nc6 10. f4 Qc7 11. f5 e5 12. Nf3 Na5 13. Bg5 Rc8 14. Bxf6 Bxf6 15. Nd5
Qd8 16. Qd2 Nc6 17. b3 h6 18. c4 Nb8 19. Qb4 Bc6 20. Rac1 O-O 21. Qd2 Bxd5 22.
cxd5 Nd7 23. Rxc8 Qxc8 24. Rc1 Qd8 25. g4 Nc5 26. Qe2 Nxd3 27. Qxd3 Bg5 28. Rc2
Bf4 29. Qc4 Qf6 30. h3 h5 31. Kg2 Qh6 32. Qf1 hxg4 33. hxg4 Be3 34. Qh1 Qf4 35.
Qh4 Qxe4 36. Re2 Qd3 37. Re1 e4 38. Rh1 exf3+ 39. Kg3 Bh6 40. g5 f2+ 41. Kxf2
Qxf5+ 42. Ke2 Qxg5 43. Qh2 Qd2+ 44. Kf3 Qxh2 45. Rxh2 Rc8 0-1

[Event "MCR mladeze v rapidu 2019"]
[Site "Trest"]
[Date "2019.09.07"]
[Round "3"]
[White "Komarek, Tobias"]
[Black "Setina, Vaclav"]
[Result "0-1"]
[BlackElo "1581"]
[WhiteElo "1138"]
[LiveChessVersion "1.4.8"]

1. e4 c5 2. Nf3 Nc6 3. d4 cxd4 4. Nxd4 g6 5. Nc3 Bg7 6. Be3 Nf6 7. Bc4 O-O 8. O-O
d6 9. Nd5 Nxe4 10. Qf3 Nxd4 11. Qxe4 Nf5 12. Bg5 Bf6 13. Bxf6 exf6 14. Rfe1 Be6
15. Ne3 Bxc4 16. Nxf5 Be6 17. Nd4 d5 18. Qf3 Re8 19. Re3 Kg7 20. Rae1 Qb6 21.
Nxe6+ fxe6 22. b3 d4 23. R3e2 e5 24. Rd1 Rac8 25. Red2 Rc3 26. Qe4 Rec8 27. Qd5
Qc6 28. Qxc6 R8xc6 29. h3 Rxc2 30. Rxc2 Rxc2 31. Ra1 d3 32. Rd1 d2 33. Kh2 Rxa2
34. b4 b6 35. b5 Rb2 36. Kg3 Rxb5 37. Kf3 Rd5 38. Ke2 a5 39. Rxd2 Rxd2+ 40. Kxd2
b5 41. Kc3 a4 42. Kb4 f5 43. Ka3 f4 44. Kb4 e4 45. Ka3 e3 0-1

[Event "MCR mladeze v rapidu 2019"]
[Site "Trest"]
[Date "2019.09.07"]
[Round "3"]
[White "Buchtova, Viktorie"]
[Black "Hladka, Leontyna"]
[Result "1-0"]
[BlackElo "1232"]
[WhiteElo "1325"]
[LiveChessVersion "1.4.8"]

1. e4 {[%clk 0:20:08]} e5 {[%clk 0:20:08]} 2. Nf3 {[%clk 0:20:11]} Nc6
{[%clk 0:20:11]} 3. d4 {[%clk 0:20:14]} exd4 {[%clk 0:20:13]} 4. c3
{[%clk 0:20:15]} dxc3 {[%clk 0:19:59]} 5. Nxc3 {[%clk 0:20:16]} Nf6
{[%clk 0:20:01]} 6. e5 {[%clk 0:20:20]} Ng4 {[%clk 0:19:20]} 7. h3
{[%clk 0:19:10]} Ngxe5 {[%clk 0:18:16]} 8. Nxe5 {[%clk 0:18:34]} Qe7
{[%clk 0:18:04]} 9. Qe2 {[%clk 0:18:25]} Qxe5 {[%clk 0:17:26]} 10. Qxe5+
{[%clk 0:18:20]} Nxe5 {[%clk 0:17:28]} 11. Nd5 {[%clk 0:17:52]} Bd6
{[%clk 0:16:27]} 12. f4 {[%clk 0:16:37]} Nc6 {[%clk 0:15:28]} 13. Bd3
{[%clk 0:15:51]} O-O {[%clk 0:14:33]} 14. O-O {[%clk 0:13:16]} b6
{[%clk 0:14:02]} 15. Rf3 {[%clk 0:11:58]} Bb7 {[%clk 0:13:01]} 16. Rg3
{[%clk 0:10:53]} g6 17. b3 f6 {[%clk 0:10:16]} 18. Bb2 {[%clk 0:10:31]} f5
{[%clk 0:08:02]} 19. Bc4 {[%clk 0:09:56]} Rfd8 {[%clk 0:06:57]} 20. Nxc7+
{[%clk 0:08:10]} Kf8 {[%clk 0:06:51]} 21. Nxa8 {[%clk 0:08:12]} Bxa8
{[%clk 0:06:51]} 22. Rf3 {[%clk 0:07:02]} Re8 {[%clk 0:05:35]} 23. Rd1
{[%clk 0:06:29]} Bb4 {[%clk 0:04:51]} 24. Rxd7 {[%clk 0:06:04]} Nb8
{[%clk 0:03:19]} 25. Rxa7 {[%clk 0:05:39]} Bxf3 {[%clk 0:03:13]} 26. Bg7# 1-0

[Event "MCR mladeze v rapidu 2019"]
[Site "Trest"]
[Date "2019.09.07"]
[Round "3"]
[White "Slivova, Linda"]
[Black "Horkova, Tereza"]
[Result "0-1"]
[BlackElo "1289"]
[WhiteElo "1121"]
[LiveChessVersion "1.4.8"]

1. e4 {[%clk 0:20:04]} e5 {[%clk 0:20:09]} 2. Nc3 {[%clk 0:20:04]} Nf6
{[%clk 0:20:08]} 3. g3 {[%clk 0:20:07]} Nc6 {[%clk 0:20:12]} 4. Bg2
{[%clk 0:20:09]} Bb4 {[%clk 0:20:10]} 5. Nge2 {[%clk 0:20:10]} d6
{[%clk 0:20:07]} 6. a3 {[%clk 0:20:05]} Ba5 {[%clk 0:20:09]} 7. b4
{[%clk 0:20:05]} Bb6 {[%clk 0:20:12]} 8. Na4 {[%clk 0:20:05]} O-O
{[%clk 0:19:31]} 9. Nxb6 {[%clk 0:20:08]} axb6 {[%clk 0:19:30]} 10. O-O
{[%clk 0:20:08]} Re8 {[%clk 0:19:21]} 11. d3 {[%clk 0:20:06]} Be6
{[%clk 0:19:05]} 12. f4 {[%clk 0:20:00]} exf4 {[%clk 0:18:52]} 13. Bxf4
{[%clk 0:19:27]} Bg4 {[%clk 0:17:40]} 14. Bg5 {[%clk 0:19:20]} Re6
{[%clk 0:16:56]} 15. Rf4 {[%clk 0:17:07]} Bh5 {[%clk 0:16:11]} 16. g4
{[%clk 0:15:53]} Bg6 {[%clk 0:16:04]} 17. Qd2 {[%clk 0:14:56]} Qe7
{[%clk 0:15:12]} 18. Qc3 {[%clk 0:13:54]} d5 {[%clk 0:12:03]} 19. Raf1
{[%clk 0:13:34]} Rd8 {[%clk 0:11:17]} 20. Bxf6 {[%clk 0:13:24]} Rxf6
{[%clk 0:10:58]} 21. Rxf6 {[%clk 0:12:55]} gxf6 {[%clk 0:10:39]} 22. Qxf6
{[%clk 0:12:02]} Qxf6 {[%clk 0:10:20]} 23. Rxf6 {[%clk 0:12:02]} dxe4
{[%clk 0:10:16]} 24. Bxe4 {[%clk 0:11:35]} Bxe4 {[%clk 0:10:09]} 25. dxe4
{[%clk 0:11:10]} Rd2 {[%clk 0:09:47]} 26. Rf2 {[%clk 0:10:10]} Rxc2
{[%clk 0:09:24]} 27. h4 {[%clk 0:09:32]} Ra2 {[%clk 0:09:20]} 28. b5
{[%clk 0:08:15]} Ne5 {[%clk 0:08:48]} 29. Nc3 {[%clk 0:07:17]} Rxa3
{[%clk 0:08:10]} 30. Nd5 {[%clk 0:06:59]} Rg3+ {[%clk 0:07:27]} 31. Kf1
{[%clk 0:06:48]} Nxg4 {[%clk 0:07:11]} 32. Rc2 {[%clk 0:06:00]} Ne3+
{[%clk 0:06:36]} 33. Nxe3 {[%clk 0:05:57]} Rxe3 {[%clk 0:06:39]} 34. Rxc7
{[%clk 0:05:53]} Rxe4 {[%clk 0:06:38]} 35. Rxb7 {[%clk 0:05:56]} Rxh4
{[%clk 0:06:28]} 36. Rxb6 {[%clk 0:05:59]} Rb4 {[%clk 0:06:32]} 37. Rb8+
{[%clk 0:06:01]} Kg7 {[%clk 0:06:35]} 38. b6 {[%clk 0:06:05]} h5 {[%clk 0:06:34]}
39. b7 {[%clk 0:06:08]} h4 {[%clk 0:06:34]} 40. Kg2 {[%clk 0:06:09]} Rb3
{[%clk 0:06:07]} 41. Kh2 {[%clk 0:06:03]} f5 {[%clk 0:06:04]} 42. Kg2
{[%clk 0:06:06]} f4 {[%clk 0:06:08]} 43. Kh2 {[%clk 0:05:56]} f3 {[%clk 0:06:02]}
44. Kg1 {[%clk 0:05:59]} Rb2 {[%clk 0:06:02]} 45. Kf1 {[%clk 0:06:00]} h3
{[%clk 0:06:06]} 46. Kg1 {[%clk 0:06:03]} Rb1+ {[%clk 0:05:54]} 47. Kh2
{[%clk 0:05:15]} f2 {[%clk 0:05:55]} 48. Kxh3 {[%clk 0:05:13]} f1=Q+
{[%clk 0:05:56]} 49. Kg3 {[%clk 0:05:13]} Rb4 {[%clk 0:05:50]} 50. Kh2
{[%clk 0:05:05]} Qf3 {[%clk 0:05:43]} 51. Rf8 {[%clk 0:04:46]} Rb2+
{[%clk 0:05:35]} 52. Kg1 {[%clk 0:04:43]} Qg2# 0-1

[Event "MCR mladeze v rapidu 2019"]
[Site "Trest"]
[Date "2019.09.07"]
[Round "3"]
[White "Barteckova, Valerie"]
[Black "Lackova, Lucie"]
[Result "0-1"]
[BlackElo "1099"]
[WhiteElo "1282"]
[LiveChessVersion "1.4.8"]

1. e4 e5 {[%clk 0:19:56]} 2. Nf3 {[%clk 0:20:12]} Nc6 {[%clk 0:19:59]} 3. Nc3
{[%clk 0:20:15]} Nf6 {[%clk 0:20:03]} 4. Bb5 {[%clk 0:20:19]} Bb4
{[%clk 0:20:06]} 5. O-O {[%clk 0:20:22]} d6 {[%clk 0:20:09]} 6. Nd5
{[%clk 0:20:23]} O-O 7. Bxc6 bxc6 {[%clk 0:19:59]} 8. Nxb4 {[%clk 0:20:26]} c5
{[%clk 0:19:53]} 9. Nd5 {[%clk 0:20:27]} Nxd5 {[%clk 0:19:50]} 10. exd5
{[%clk 0:20:31]} Bg4 {[%clk 0:19:51]} 11. Re1 {[%clk 0:20:33]} Rb8
{[%clk 0:19:49]} 12. b3 {[%clk 0:20:31]} Qe7 {[%clk 0:19:37]} 13. d3
{[%clk 0:20:33]} Rfe8 {[%clk 0:19:26]} 14. Bf4 {[%clk 0:20:25]} Qd7
{[%clk 0:18:58]} 15. Bg3 {[%clk 0:20:16]} c6 {[%clk 0:18:57]} 16. dxc6
{[%clk 0:20:15]} Qxc6 {[%clk 0:19:00]} 17. Nxe5 {[%clk 0:19:39]} Bxd1
{[%clk 0:18:33]} 18. Raxd1 {[%clk 0:19:21]} dxe5 {[%clk 0:18:31]} 19. Bxe5
{[%clk 0:19:20]} Rbd8 {[%clk 0:18:14]} 20. f4 {[%clk 0:18:37]} Re6
{[%clk 0:18:03]} 21. Rf1 {[%clk 0:18:29]} Rg6 {[%clk 0:17:59]} 22. g3
{[%clk 0:18:29]} f6 {[%clk 0:17:51]} 23. Bc3 {[%clk 0:18:31]} Re8
{[%clk 0:17:32]} 24. Rd2 {[%clk 0:18:19]} Rh6 {[%clk 0:17:14]} 25. g4
{[%clk 0:17:56]} Rh4 {[%clk 0:16:59]} 26. Rg2 {[%clk 0:17:57]} Re2
{[%clk 0:16:24]} 27. Rxe2 {[%clk 0:17:05]} Rxg4+ {[%clk 0:16:22]} 28. Kf2
{[%clk 0:17:08]} Qg2+ {[%clk 0:15:51]} 29. Ke1 Qh3 30. Bd2 {[%clk 0:16:22]} Qh4+
{[%clk 0:15:38]} 31. Kd1 {[%clk 0:16:11]} Qh5 {[%clk 0:15:10]} 32. Ke1
{[%clk 0:15:45]} Qd5 {[%clk 0:14:54]} 33. Kd1 Qd4 34. Rf3 {[%clk 0:14:21]} Qa1+
{[%clk 0:14:22]} 35. Bc1 {[%clk 0:14:20]} Rg1+ {[%clk 0:14:17]} 36. Kd2
{[%clk 0:14:01]} Qxc1+ {[%clk 0:14:13]} 37. Kc3 Qa3 38. Rfe3 {[%clk 0:13:57]}
Qb4+ {[%clk 0:14:04]} 39. Kb2 Qd4+ 40. c3 {[%clk 0:13:56]} Qxf4 {[%clk 0:13:40]}
41. Re8+ {[%clk 0:13:43]} Kf7 {[%clk 0:13:42]} 42. R8e7+ {[%clk 0:13:42]} Kg6
{[%clk 0:13:39]} 43. R7e6 {[%clk 0:13:20]} Qc1# {[%clk 0:13:25]} 0-1